[Event "Chess Classic"]
[Site "London"]
[Date "2017.12.06"]
[Round "5.1"]
[White "Caruana, Fabiano"]
[Black "Anand, Viswanathan"]
[Result "1-0"]
[WhiteElo "2799"]
[BlackElo "2782"]
[EventDate "2017.??.??"]
[Annotator "Bojkov,Dejan"]
[PlyCount "77"]
[Beauty "7767716797457"]
[EventType "team-tourn"]
[EventCountry "CAN"]

1.e4 e5 2.Nf3 Nc6 3.Bb5 Nf6 4.d3 {The Anti line. This seems to be the only way to play for a win nowadays. No matter if we talk about the Berlin, or the Marshall for example.} 4...Bc5 5.Nc3 O-O 6.Bxc6 dxc6 7.h3 Nd7 ( {Grischuk played differently against Caruana in Saint Louis-} 7...Re8 8.Ne2 Nd7 9.Be3 Bb4+ 10.c3 Bf8 11.Qc2 c5 12.O-O-O Nb8 13.Ng3 Nc6 {with a good position, Caruana, F (2799)-Grischuk,A (2782) Saint Louis 2017 Apparently Anand was not very keen to see his opponent's preparation.} ) 8.Be3 Bd6 9.Ne2 ( {A couple of years back Caruana defended successfully as Black after} 9.Qd2 c5 10.O-O Nb8 $1 11.Nh2 Nc6 12.Ne2 Nd4 {Adams,M (2745)-Caruana,F (2802) Shamkir 2015} ) 9...Re8 $146 {A novelty. The rook overprotects the e5 square and frees the f8 one for either the knight for the maneuver Nd7-f8-e6-d4, or for the bishop to defend the kingside.} ( {The other way to bring the knight into the optimal d4 sqaure was tested in a game by Wesley So also in St. Louis:} 9...c5 10.Ng3 Nb8 11.Nf5 Nc6 {and then White started a step-by-step attack on the kingside with} 12.g4 {So,W (2788) -Dominguez Perez,L (2739) Saint Louis 2017} ) 10.g4 {White's plan is always the same: a kingside attack behind the solid center. The question is is he going to do a piece attack or a pawn-and-piece one.} 10...Nc5 11.Ng3 Ne6 ( 11...g6 ) 12.Nf5 c5 ( {Here} 12...g6 {is not effective because of} 13.Nh6+ Kg7 14.g5 {when the knight can be transferred easily from h6 to f6.} ) 13.h4 a5 {Caruana does not want to castle yet and intends to improve as much as possible on the kingside.} 14.h5 Ra6 15.Qd2 Nd4 {The rule is that whenever the knight reaches this square it leads to good game for Black.} 16.Rh3 ( {Worse is} 16.N3xd4 cxd4 17.Bg5 f6 18.Bh4 Bb4 {and Black takes over the initiative} ( {Or} 18...Rb6 ) ) 16...Bf8 17.O-O-O Be6 18.Kb1 f6 ( {Perhaps easier was the immediate} 18...Nxf3 19.Rxf3 c4 {In this case Black is not worried of} 20.d4 ( 20.dxc4 Qxd2 21.Rxd2 Bxc4 {is equal.} ) ( {The only chance for some edge is} 20.Qe2 cxd3 21.Rxd3 Qc8 {although Black should be OK here as well.} ) 20...exd4 21.Qxd4 Qxd4 22.Bxd4 Bc8 $1 {and the e4 pawn becomes a target.} ) 19.c3 Nxf3 20.Rxf3 c4 21.Qc2 ( {Once again} 21.d4 exd4 22.cxd4 Bf7 {is comfortable for Black.} ) 21...cxd3 22.Rxd3 Qc8 23.g5 fxg5 24.Bxg5 Bf7 {This allows White some chances.} ( {It was better to block that pawn once and for all with} 24...h6 25.Bc1 Bf7 {when Black may even hope to win it in the possible endgame.} ) 25.h6 $1 {Now there are problems.} 25...gxh6 ( {On} 25...g6 $6 {strong will be} 26.Ne3 Rd6 27.Rxf7 $1 Kxf7 28.Qb3+ Qe6 29.Nd5 $1 {setting up a nice ambush and threatening Rd3-f3+.} ) 26.Bc1 ( 26.Bh4 $5 {looks good too, but Caruana wants to use the bishop in a more effective way.} ) 26...Qe6 27.b3 {Not only defending but redeploying the bishop.} 27...a4 28.c4 axb3 29.axb3 Qc6 30.Rg3+ Kh8 31.Rd1 {All of these are more or less forced, and if not forced logical. Anand continues with the queenside attack:} 31...b5 32.c5 {And Caruana blocks it.} 32...b4 $6 {In the heat of the battle Anand loses the thread. This move frees the black queen, but the white one may also make good use of the c4 square in the future.} ( {Apparently, the former world champion disliked something in the forcing line:} 32...Qxc5 33.Qxc5 Bxc5 34.Rd7 {But the analysis proves that Black is doing well after both} 34...Be6 ( {Or} 34...Bg6 $5 35.Bxh6 Bf8 {- this last move was the one Anand missed.} ) 35.Rxc7 Bxf5 36.exf5 Bd4 37.Rgg7 Ra1+ 38.Kc2 e4 39.Rxh7+ Kg8 40.Rxh6 Ra2+ 41.Kd1 Rd8 {and this should objectively end in a draw.} ) ( {On the other hand keeping the queens on the board is dangerous after} 32...Bxc5 33.Bb2 Bd6 34.Qd3 {as well.} ) 33.Bb2 Bg6 {Another step in the wrong direction.} ( {It was still possible to get rid of the queens with} 33...Qxc5 34.Qxc5 Bxc5 35.Rd7 Bg6 {True, after} 36.f4 {White has enough initiative to even win a piece after} 36...Bd6 37.fxe5 Bxe5 38.Bxe5+ Rxe5 39.Rd8+ Be8 ( {Not} 39...Re8 $2 40.Rxg6 $1 ) 40.Ng7 Rxe4 {But since he is forced to swap off the rooks with} 41.Rxe8+ ( 41.Nxe8 {is a forced draw due to the perpetual} 41...Re1+ 42.Kb2 Re2+ 43.Kb1 Re1+ {As} 44.Kc2 $4 {even loses to} 44...Ra2+ 45.Kd3 Rd1+ ) 41...Rxe8 42.Nxe8 Rg6 {and it is not certain that White should win this. He has just one pawn left after all.} ) 34.Rd5 Qb5 35.Rg1 $1 {Stops the check on f1. Caruana has built a solid attacking position and calmly prepares either the capture on e5 or the f2-f4 blow which would shatter Black's position.} ( 35.Rxe5 {would be inaccurate at least} 35...Qf1+ 36.Qc1 Qxc1+ 37.Kxc1 Rxe5 38.Bxe5+ Kg8 {when nothing is clear.} ) 35...c6 ( {The king cannot escape} 35...Kg8 36.f4 exf4 37.Nd4 Qa5 ( {The flashy} 37...Qf1+ 38.Rxf1 Bxe4 39.Bc1 {is not enough for Black to save himself neither.} ) 38.Qc4 $1 {This is where the queen makes good use of the c4 square.} ) 36.Rxe5 Rxe5 37.Bxe5+ Kg8 38.Bd4 {Perfect harmony!} 38...Kf7 39.Nh4 {Anand resigned as there will be either f2-f4-f5 coming or even better Nh4xg6 followed by e4-e5.} 1-0

[Event "Chess Classic"]
[Site "London"]
[Date "2017.12.08"]
[Round "6.3"]
[White "Nakamura, Hikaru"]
[Black "Carlsen, Magnus"]
[Result "1/2-1/2"]
[WhiteElo "2781"]
[BlackElo "2837"]
[EventDate "2017.??.??"]
[Annotator "Bojkov,Dejan"]
[PlyCount "145"]
[Beauty "4536425024562"]
[EventType "team-tourn"]
[EventCountry "CAN"]

1.e4 e5 2.Nf3 Nc6 3.d4 {The last time Nakamura played the Scotch was back in 2015.} 3...exd4 4.Nxd4 Nf6 5.Nxc6 bxc6 6.e5 Qe7 7.Qe2 Nd5 8.h4 {A very fashionable move, in almost all the openings. Seriously speaking, this is "an invention from the creative Dutch GM John Van der Wiel, an expert on the white side of the Scotch" (John Emms).} 8...Bb7 ( {A recent top game saw} 8...a5 9.c4 Ba6 10.Nd2 Nb4 11.Nf3 c5 12.b3 Bb7 13.Bb2 {Morozevich,A (2676)-Jakovenko,D (2710) Sochi 2017} ) 9.c4 Nb6 10.Rh3 $146 {This is what the h2-h4 move is all about, but surprisingly no one had tried it before.} ( {An online predecessor saw} 10.Nc3 Qe6 11.Bd2 O-O-O 12.O-O-O {Francisco,R (2273)-Agrest,I (2273) chess.com INT 2017 Maybe Nakamura noticed that game. After all it was played on the right server.} ) 10...Qe6 {This opens the road for the bishop and hits the c4 pawn at once.} ( {The alternatives are} 10...O-O-O ) ( {Or} 10...a5 11.Nc3 a4 ) 11.f4 {What a bizarre position. White played only with his pawns and heavy pieces so far, while Black developed two light pieces and castles now.} 11...O-O-O 12.a4 {Still, White does not care about the development! However Nakamura wants to make use of the awkward position of both light pieces. They are indeed developed, but not in a good way.} 12...d5 {Carlsen, on his turn, is determined to open the center and reach the enemy king as soon as possible.} 13.a5 $1 {Consistant.} ( {Whereas} 13.exd6 {can be met with either} 13...Qf6 ( {or} 13...Qxd6 $5 ) 14.dxc7 Bb4+ 15.Nc3 Rd4 {with a strong initiative for the material.} ) 13...Nxc4 ( {The alternative is} 13...Nd7 {and this might be safer, at least for the knight. After} 14.a6 ( 14.Be3 {could be stronger.} ) 14...Ba8 15.Be3 {the game remains crazily complicated.} ) 14.b3 ( {Not} 14.a6 $6 {which achieves less than nothing after} 14...Ba8 15.b3 Nb6 ) 14...Bb4+ 15.Kf2 {The concrete result of the lack of development.} ( 15.Nd2 Nxa5 {is bad for White.} ) 15...Nxa5 $1 {Carlsen continues to play for the initiative.} ( {Instead} 15...Bc5+ {could have led to a draw almost by force in the line} 16.Kg3 ( 16.Ke1 Bb4+ ) 16...Bg1 $1 {A nice study-like move.} 17.bxc4 h5 ( {But Black may do even better with} 17...dxc4 $1 ) 18.Rh1 Qg6+ 19.Kh3 Qf5+ 20.Kg3 {and perpetual.} ( 20.g4 hxg4+ 21.Kg3 Bd4 {is good for Black.} ) ) 16.Bd2 {The knight is trapped.} 16...c5 ( {Here} 16...Bc5+ 17.Ke1 f6 18.Rxa5 Bb6 {is less convincing.} ) 17.Rxa5 Bxa5 18.Bxa5 Qf5 {The double attack wins a third pawn for the piece.} 19.Nc3 ( {Weaker seems} 19.Qe3 {with the idea to counterattack after} 19...Qxb1 ( {However} 19...d4 $1 20.Qc1 f6 {keeps the fuel of the attack.} ) 20.Qxc5 ) 19...Qxf4+ 20.Kg1 Rhe8 {Probably the first inaccuracy by the world champion.} ( {The immediate} 20...d4 {was better, when a forcing line runs:} 21.Nb5 ( 21.Na4 $5 ) 21...a6 22.Nxc7 Rd7 23.Qc4 Rxc7 24.Bxc7 Kxc7 25.Qxc5+ Kb8 {since both the kings are iffy, the logical outcome is a draw by perpetual. For example} 26.Qd6+ Ka7 27.Rf3 Bxf3 28.Qxa6+ Kb8 29.Qd6+ Kc8 30.Ba6+ Bb7 31.Qc6+ Kd8 32.Qd6+ ) 21.Nb5 a6 ( {After} 21...Rxe5 {White has a pleasant choice between} 22.Qc2 $1 ( {Or} 22.Bxc7 Rxe2 23.Bxf4 ) ) 22.Rf3 $1 {Nakamura seizes his chance. The active rook provides some additional possibilities.} 22...Qxe5 ( {The alternative} 22...Qxh4 23.Nxc7 Qd4+ 24.Qf2 Qxf2+ 25.Kxf2 Rxe5 26.Nxa6 {also leaves decent winning chances for White.} ) 23.Qxe5 Rxe5 24.Bxc7 Ree8 {The second inaccuracy.} ( 24...f6 {seemed stronger, when after} 25.Bxd8 ( {Weaker is} 25.Bxe5 fxe5 26.Na3 Kc7 27.Rf7+ Rd7 ) 25...Kxd8 26.Nd6 Kc7 27.Nxb7 Kxb7 28.Kf2 Kb6 {when a draw should be the most likely outcome.} ) 25.Bxd8 Rxd8 26.Na3 {As a rule in the endgame, pawns are more valuable than the pieces as each of them can become a queen. However here the black pawns are more weaknesses than strenghts and this determines White's advantage.} 26...Rd7 ( {Here} 26...f6 27.Rc3 {will drop the pawn on c5.} ) 27.Bd3 $1 {A double attack.} 27...Kd8 {White's plan is simple: get all the weaknesses. Black's plan: trade them when you can.} ( 27...g6 {would allow domination after} 28.Rf6 a5 29.Kf2 ) 28.Bxh7 g6 29.h5 {Best.} ( {Weaker was} 29.Bg8 Ke8 ) ( {Or} 29.g4 d4 30.Rf2 Bd5 ) 29...gxh5 {Carlsen can be happy that he traded one more pawn, but Nakamura can be happier as there are more weaknesses in the opponent's camp.} 30.Rf6 Ke7 31.Rb6 Rc7 32.Nc2 ( {The a-pawn is not as important-:} 32.Bd3 Bc8 33.Bxa6 $6 Bxa6 34.Rxa6 Rb7 ) ( 32.Kf2 {was good too though.} ) 32...a5 33.Ne3 c4 {Trading another pawn.} ( {Maybe Black should have seeked for counterplay with} 33...Bc6 34.Ra6 a4 35.bxa4 Kd6 ) 34.Bc2 Bc6 ( {After} 34...cxb3 35.Bxb3 d4 36.Nf5+ {the d-pawn would drop. Soon the a-one will follow...} ) 35.bxc4 dxc4 36.Ra6 {But now all the black pawns are doomed.} 36...a4 37.Bxa4 Be4 38.Ra5 Ke6 39.Rxh5 $1 ( {The alternative does not win:} 39.Nxc4 Rxc4 40.Bb3 Bd5 41.Bxc4 Bxc4 42.Rxh5 {and according to the tablebases this should be a draw.} ) 39...c3 40.Bb3+ Kd6 41.Bc2 Bxc2 42.Nxc2 {And this should be all for tonight, right? A healthy extra piece and there is still one white pawn left. However, these endgames sometimes are not winnable due to the nature of the knight. It is a short-ranged piece and as long as the queenside passer is far away from the kingside there are always chances. The white king needs to go to the queenside and the g-pawn can be taken, or traded.} 42...Ke6 ( {The counterplay fizzles quickly after} 42...Rb7 43.Rh3 ) 43.Kf2 f5 $1 {In order to keep the g2 pawn under constant pressure.} 44.Rh3 Ke5 45.Rd3 ( {Probably White should have taken the pawn like this:} 45.Ke3 Rg7 46.Ne1 Ra7 47.Kd3 Ra1 48.Nc2 Rd1+ 49.Kxc3 Rg1 50.Re3+ Kf4 51.Rf3+ Ke4 52.Rf2 ) 45...Kf4 46.Rd4+ Kg5 47.Kf3 Rc8 48.Ra4 Rc7 49.Ra8 Kf6 50.Ra6+ Kg5 51.Nd4 Rc4 52.Ne6+ Kf6 53.Nf4+ {These checks are a sign that something might go wrong.} 53...Ke5 54.Nd3+ Kd5 ( 54...Kd4 55.Rd6# ) 55.Ra2 ( 55.Ra5+ $1 {should be a win as} 55...Kd4 56.Nf4 c2 57.Ne2+ Kd3 58.Rd5+ Rd4 59.Rxd4# ) 55...Kd4 56.Nc1 {Now the pawn becomes too dangerous.} ( 56.Ne1 $1 {was still the way to play for the win.} ) 56...c2 57.Ra5 Rc3+ 58.Kf4 Rc8 {It transpires that with the pawn on c2 Black has chance to survive even without the f-pawn.} 59.Rxf5 ( 59.Kxf5 Rf8+ 60.Kg4 Rf1 61.Ra1 Ke3 {is a draw too.} ) 59...Re8 {And the world champion survived!} 60.Rf7 Re1 61.Rd7+ Kc3 62.Rc7+ Kd2 63.Nb3+ Kd3 64.Nc5+ Kd4 65.Nb3+ Kd3 66.Nc5+ Kd4 67.Nb3+ Kd3 {Carlsen could have claimed the draw here already.} 68.g4 Rf1+ 69.Kg5 Rb1 70.Nc5+ Ke3 71.Nb3 Kd3 ( {Of course not} 71...Rxb3 72.Rxc2 ) 72.Nc5+ Ke3 73.Nb3 1/2-1/2

[Event "Chess Classic"]
[Site "London"]
[Date "2017.12.10"]
[Round "8.1"]
[White "Carlsen, Magnus"]
[Black "Nepomniachtchi, Ian"]
[Result "0-1"]
[WhiteElo "2837"]
[BlackElo "2729"]
[EventDate "2017.??.??"]
[Annotator "Bojkov,Dejan"]
[PlyCount "80"]
[Beauty "7630835680777"]
[EventType "team-tourn"]
[EventCountry "CAN"]

1.Nf3 c5 2.c3 {An original move order, which soon leads to...} 2...d5 3.d4 cxd4 4.cxd4 {...the Exchanged Slav!} 4...Nc6 5.Nc3 Nf6 6.Bf4 Nh5 7.Bd2 Nf6 ( {Black can alos choose to fianchettoe his bishop with} 7...g6 8.e3 e6 9.Bb5 Bd7 10.Ne5 Nxe5 11.dxe5 Bxb5 12.Nxb5 a6 {Shimanov,A (2642)-Fedoseev,V (2690) Minsk 2017} ) 8.e3 e6 9.Bd3 Bd6 10.e4 {Otherwise there is a risk of a dull, symmetrical draw.} 10...dxe4 11.Nxe4 {Now a position with an isolated central pawn arises.} 11...Be7 12.O-O {When I first looked at the position I could not guess the opening. Similar situations are more common in the Panov Attack of the Caro-Kann, or the Nimzo-Indian.} 12...O-O ( {It is not advisable to grab a pawn like the one on d4 here:} 12...Nxd4 13.Nxd4 Qxd4 14.Bc3 Qd5 15.Qf3 {with a strong initiative after Ra1-d1 for the investment.} ) 13.Qc2 {Weakening the kingside.} 13...h6 {A safe choice.} ( 13...g6 {would weaken all the dark squares instead, although people successfully defend these positons too.} ) 14.Rad1 {The plans of both sides are known from the Stone Age. White attacks the kingside and mates; Black trades and wins the isolani in the endgame.} 14...Bd7 15.a3 Rc8 16.Nc3 $146 {A novelty.} ( {Black was doing well after} 16.Qb1 Qb6 17.b4 Nxe4 18.Bxe4 Bf6 {as in Safarli,E (2620)-Mammadov,Z (2442) Baku 2012} ) 16...a6 {Intending to advance the b-pawn.} 17.Qc1 {Not quite a delicate hint of what may happen on the kingside.} 17...Re8 $1 ( {A careless move like} 17...Na5 {would demonstrate White's idea:} 18.Bxh6 $1 gxh6 19.Qxh6 Nc4 20.Ng5 {and mate.} ) 18.Rfe1 ( {Here} 18.Bxh6 {fails to} 18...gxh6 19.Qxh6 Bf8 20.Qh4 Bg7 {and Black defends.} ) 18...Bf8 {Nepomniachtchi stopped the first attacking wave. Carlsen regroups.} 19.Bf4 b5 20.Qd2 b4 21.axb4 Nxb4 22.Ne5 {The world champion does not spend time defending the bishop...} ( 22.Bb1 {...even though it is a very strong piece. Apparently Carlsen figured that the time factor is more important.} ) 22...Nxd3 23.Qxd3 {Nepomniachtchi is consistently searching for play on the queenside.} 23...a5 ( {There was an alternative though. The pawn sacrifice with} 23...Bb5 24.Nxb5 axb5 25.Qxb5 {is a common tool for Black in these positions as the sweet spot on d5 provides Black enough compensation for it.} 25...Qd5 ( 25...Nd5 ) ) 24.Qf3 {White is ready to shift the rooks along the third rank too and make the best use of his space advantage.} 24...Bb4 {Carlsen is also consistent with his plan.} ( {The computer suggests the following defensive method instead} 24...a4 25.Re3 Qe7 26.Nxd7 Qxd7 27.Bxh6 Nd5 28.Nxd5 exd5 29.Rxe8 Qxe8 30.Bd2 Rc2 {somehow holding the position.} ) 25.Re3 ( {However, there was a strong argument for the cruel} 25.Bxh6 $1 {The main idea is} 25...gxh6 ( {A better defense is} 25...Bxc3 26.bxc3 gxh6 {although White's initiative unfolds by itself after} 27.Qg3+ Kh7 ( {Or} 27...Kf8 28.Rd3 ( 28.c4 {followed by Qg3-f4 also looks promosing for White.} ) 28...Bc6 29.Qf4 ) 28.Nxf7 Qe7 29.Qd3+ Kg7 30.Ne5 {For the piece White has two pawns and a strong initiative. The black king is in danger without the pawn cover.} ) 26.Ne4 Nxe4 ( {If} 26...Be7 {then there is a pleasant choice between the simple} 27.Nxf6+ ( {or the beautiful} 27.d5 exd5 28.Rxd5 Rc7 29.Qf4 {and Black is helpless.} ) 27...Bxf6 28.Nxd7 ) 27.Qxf7+ Kh8 28.Ng6# ) 25...Bxc3 26.bxc3 Ba4 {Sending the bishop in an urgent rescue kingside mission.} 27.Ra1 ( {The other options also look promising:} 27.Rde1 Bc2 28.R3e2 Bf5 29.g4 ) ( {or} 27.Rc1 {which deprives the bishop from the b1-h7 diagonal.} ) 27...Bc2 {The bishop made it, but can Black really be happy? He traded only two pairs of light pieces and the intended queenside play has petered out. Carlsen keeps pressurizing.} 28.h3 Bf5 ( {Apparently, Black discarded} 28...Nd5 {because of the same old sacrifice} 29.Bxh6 {and eventual mate after} 29...Nxe3 ( {with the same old mate after} 29...gxh6 30.Qxf7+ Kh8 31.Ng6+ ) ( {A better defense is} 29...f6 30.Bxg7 fxe5 31.Bxe5 Qg5 32.Qg3 Qxg3 33.Rxg3+ Kh7 34.Rxa5 {although with four pawns for a piece White will love playing this.} ) ( {However, there was the strong defensive idea} 29...Qe7 $1 {when} 30.Qg4 {does not yield White much due to} 30...Qf6 31.Rf3 Qxh6 32.Nxf7 Qg6 33.Qxg6 ( 33.Qh4 Qh7 ) 33...Bxg6 34.Nd6 Ra8 35.Nxe8 Bxe8 ) 30.Qxf7+ Kh7 31.Qxg7# ) 29.g4 $1 {The pawns clear the road of the pieces.} 29...Bh7 30.c4 {Capital play, all over the board.} ( {Perhaps even better was} 30.g5 hxg5 31.Bxg5 {For example} 31...Bf5 32.Qg3 Nh5 33.Qh4 f6 34.Qxh5 fxg5 35.Qf7+ Kh7 36.d5 Qxd5 37.Qh5+ Kg8 38.Rd1 {and White should win.} ) 30...Nd7 {Apparently Carlsen went for the pawn in order to avoid any complications, but missed a tactical shot.} ( {Since} 30...Qxd4 {will be met with} 31.Rd1 Qa7 32.Bxh6 ) 31.Nc6 $6 ( {Instead} 31.c5 {would have kept clear advantage for him, without any risk:} 31...Nf6 ( 31...Nxe5 32.Bxe5 ) 32.g5 hxg5 33.Bxg5 Bf5 34.Ra4 ( {Or} 34.c6 ) ) 31...Qf6 32.Nxa5 Nb6 {White won a pawn,but the black pieces came into life. Now both white pawns are hanging and apparently Carlsen believed that his next move is the answer of his worries.} ( {Cleverly avoiding} 32...Qxd4 $2 33.Rd1 Qb6 34.Nb7 Nc5 35.Nd6 {which loses material for Black.} ) 33.c5 ( 33.Rc1 {is good for Black after} 33...Qxd4 34.Rd1 Qf6 ) 33...Rxc5 $1 {Simple but effective. Frustrated, White soon commits another blunder.} ( {Maybe White expected} 33...Nd5 34.Be5 Qxf3 35.Rxf3 ) 34.dxc5 $6 ( {Instead} 34.Be5 Qxf3 35.Rxf3 Rb5 36.Rb3 Rxb3 37.Nxb3 {would have most likely led to a draw, although Black can push for a win.} ) 34...Qxa1+ 35.Kh2 Qxa5 36.Qc6 {A proper blunder.} ( 36.cxb6 Qxb6 {would be a torture, but maybe White can survive.} ) 36...Qa4 {...} 37.Qxa4 Nxa4 38.c6 Nb6 39.c7 f6 40.Rb3 Nc8 0-1